<?xml version="1.0" encoding="UTF-8"?>
<record
    xmlns:xsi="http://www.w3.org/2001/XMLSchema-instance"
    xsi:schemaLocation="http://www.loc.gov/MARC21/slim http://www.loc.gov/standards/marcxml/schema/MARC21slim.xsd"
    xmlns="http://www.loc.gov/MARC21/slim">

  <leader>00610nam a22002297a 4500</leader>
  <controlfield tag="008">160330b        xxu||||| |||| 00| 0 eng d</controlfield>
  <datafield tag="020" ind1=" " ind2=" ">
    <subfield code="a">978-93-5024-983-3</subfield>
  </datafield>
  <datafield tag="082" ind1=" " ind2=" ">
    <subfield code="a">381</subfield>
    <subfield code="b">Sh52m</subfield>
  </datafield>
  <datafield tag="100" ind1=" " ind2=" ">
    <subfield code="a">Sherlekar, S. A.</subfield>
  </datafield>
  <datafield tag="245" ind1=" " ind2=" ">
    <subfield code="a">Modern marketing; a manual of marketing, salesmanship and advertising</subfield>
  </datafield>
  <datafield tag="250" ind1=" " ind2=" ">
    <subfield code="a">2nd ed.</subfield>
  </datafield>
  <datafield tag="260" ind1=" " ind2=" ">
    <subfield code="a">New Delhi:</subfield>
    <subfield code="b">Himalaya Publishing House,</subfield>
    <subfield code="c">1983</subfield>
  </datafield>
  <datafield tag="300" ind1=" " ind2=" ">
    <subfield code="a">579p.</subfield>
  </datafield>
  <datafield tag="546" ind1=" " ind2=" ">
    <subfield code="a">Eng</subfield>
  </datafield>
  <datafield tag="650" ind1=" " ind2=" ">
    <subfield code="a">Trade</subfield>
  </datafield>
  <datafield tag="650" ind1=" " ind2=" ">
    <subfield code="a">Commerce</subfield>
  </datafield>
  <datafield tag="650" ind1=" " ind2=" ">
    <subfield code="a">Marketing</subfield>
  </datafield>
  <datafield tag="650" ind1=" " ind2=" ">
    <subfield code="a">Consumer goods</subfield>
    <subfield code="9">22426</subfield>
  </datafield>
  <datafield tag="650" ind1=" " ind2=" ">
    <subfield code="a">Consumer protection</subfield>
  </datafield>
  <datafield tag="650" ind1=" " ind2=" ">
    <subfield code="a">Prices</subfield>
  </datafield>
  <datafield tag="942" ind1=" " ind2=" ">
    <subfield code="2">ddc</subfield>
    <subfield code="c">GEN</subfield>
  </datafield>
  <datafield tag="999" ind1=" " ind2=" ">
    <subfield code="c">77814</subfield>
    <subfield code="d">77803</subfield>
  </datafield>
  <datafield tag="952" ind1=" " ind2=" ">
    <subfield code="0">0</subfield>
    <subfield code="1">0</subfield>
    <subfield code="2">ddc</subfield>
    <subfield code="4">0</subfield>
    <subfield code="7">0</subfield>
    <subfield code="a">TUCL</subfield>
    <subfield code="b">TUCL</subfield>
    <subfield code="d">2016-03-30</subfield>
    <subfield code="l">0</subfield>
    <subfield code="o">Sh52m</subfield>
    <subfield code="p">152850</subfield>
    <subfield code="r">2016-03-30 00:00:00</subfield>
    <subfield code="w">2016-03-30</subfield>
    <subfield code="y">TB</subfield>
  </datafield>
  <datafield tag="952" ind1=" " ind2=" ">
    <subfield code="0">0</subfield>
    <subfield code="1">0</subfield>
    <subfield code="2">ddc</subfield>
    <subfield code="4">0</subfield>
    <subfield code="7">0</subfield>
    <subfield code="a">TUCL</subfield>
    <subfield code="b">TUCL</subfield>
    <subfield code="c">NB</subfield>
    <subfield code="d">2016-03-30</subfield>
    <subfield code="l">0</subfield>
    <subfield code="o">Sh52m</subfield>
    <subfield code="p">152851</subfield>
    <subfield code="r">2016-03-30 00:00:00</subfield>
    <subfield code="w">2016-03-30</subfield>
    <subfield code="y">GEN</subfield>
  </datafield>
  <datafield tag="952" ind1=" " ind2=" ">
    <subfield code="0">0</subfield>
    <subfield code="1">0</subfield>
    <subfield code="2">ddc</subfield>
    <subfield code="4">0</subfield>
    <subfield code="7">0</subfield>
    <subfield code="a">TUCL</subfield>
    <subfield code="b">TUCL</subfield>
    <subfield code="c">NB</subfield>
    <subfield code="d">2016-03-30</subfield>
    <subfield code="l">0</subfield>
    <subfield code="o">Sh52m</subfield>
    <subfield code="p">152852</subfield>
    <subfield code="r">2016-03-30 00:00:00</subfield>
    <subfield code="w">2016-03-30</subfield>
    <subfield code="y">GEN</subfield>
  </datafield>
  <datafield tag="952" ind1=" " ind2=" ">
    <subfield code="0">0</subfield>
    <subfield code="1">0</subfield>
    <subfield code="2">ddc</subfield>
    <subfield code="4">0</subfield>
    <subfield code="7">0</subfield>
    <subfield code="a">TUCL</subfield>
    <subfield code="b">TUCL</subfield>
    <subfield code="d">2016-03-30</subfield>
    <subfield code="l">0</subfield>
    <subfield code="o">Sh52m</subfield>
    <subfield code="p">152853</subfield>
    <subfield code="r">2016-03-30 00:00:00</subfield>
    <subfield code="w">2016-03-30</subfield>
    <subfield code="y">TB</subfield>
  </datafield>
  <datafield tag="952" ind1=" " ind2=" ">
    <subfield code="0">0</subfield>
    <subfield code="1">0</subfield>
    <subfield code="2">ddc</subfield>
    <subfield code="4">0</subfield>
    <subfield code="7">0</subfield>
    <subfield code="a">TUCL</subfield>
    <subfield code="b">TUCL</subfield>
    <subfield code="c">NB</subfield>
    <subfield code="d">2016-03-30</subfield>
    <subfield code="l">0</subfield>
    <subfield code="o">Sh52m</subfield>
    <subfield code="p">152854</subfield>
    <subfield code="r">2016-03-30 00:00:00</subfield>
    <subfield code="w">2016-03-30</subfield>
    <subfield code="y">GEN</subfield>
  </datafield>
  <datafield tag="952" ind1=" " ind2=" ">
    <subfield code="0">0</subfield>
    <subfield code="1">0</subfield>
    <subfield code="2">ddc</subfield>
    <subfield code="4">0</subfield>
    <subfield code="7">0</subfield>
    <subfield code="a">TUCL</subfield>
    <subfield code="b">TUCL</subfield>
    <subfield code="c">NB</subfield>
    <subfield code="d">2016-03-30</subfield>
    <subfield code="l">0</subfield>
    <subfield code="o">Sh52m</subfield>
    <subfield code="p">152855</subfield>
    <subfield code="r">2016-03-30 00:00:00</subfield>
    <subfield code="w">2016-03-30</subfield>
    <subfield code="y">GEN</subfield>
  </datafield>
  <datafield tag="952" ind1=" " ind2=" ">
    <subfield code="0">0</subfield>
    <subfield code="1">0</subfield>
    <subfield code="2">ddc</subfield>
    <subfield code="4">0</subfield>
    <subfield code="7">0</subfield>
    <subfield code="a">TUCL</subfield>
    <subfield code="b">TUCL</subfield>
    <subfield code="c">NB</subfield>
    <subfield code="d">2019-07-18</subfield>
    <subfield code="l">0</subfield>
    <subfield code="o">381 Sh52m</subfield>
    <subfield code="p">160874</subfield>
    <subfield code="r">2019-07-18 00:00:00</subfield>
    <subfield code="w">2019-07-18</subfield>
    <subfield code="y">GEN</subfield>
  </datafield>
  <datafield tag="952" ind1=" " ind2=" ">
    <subfield code="0">0</subfield>
    <subfield code="1">0</subfield>
    <subfield code="2">ddc</subfield>
    <subfield code="4">0</subfield>
    <subfield code="7">0</subfield>
    <subfield code="a">TUCL</subfield>
    <subfield code="b">TUCL</subfield>
    <subfield code="c">NB</subfield>
    <subfield code="d">2019-07-18</subfield>
    <subfield code="l">0</subfield>
    <subfield code="o">381 Sh52m</subfield>
    <subfield code="p">160875</subfield>
    <subfield code="r">2019-07-18 00:00:00</subfield>
    <subfield code="w">2019-07-18</subfield>
    <subfield code="y">GEN</subfield>
  </datafield>
  <datafield tag="952" ind1=" " ind2=" ">
    <subfield code="0">0</subfield>
    <subfield code="1">0</subfield>
    <subfield code="2">ddc</subfield>
    <subfield code="4">0</subfield>
    <subfield code="7">0</subfield>
    <subfield code="a">TUCL</subfield>
    <subfield code="b">TUCL</subfield>
    <subfield code="c">NB</subfield>
    <subfield code="d">2019-07-18</subfield>
    <subfield code="l">0</subfield>
    <subfield code="o">381 Sh52m</subfield>
    <subfield code="p">160876</subfield>
    <subfield code="r">2019-07-18 00:00:00</subfield>
    <subfield code="w">2019-07-18</subfield>
    <subfield code="y">GEN</subfield>
  </datafield>
  <datafield tag="952" ind1=" " ind2=" ">
    <subfield code="0">0</subfield>
    <subfield code="1">0</subfield>
    <subfield code="2">ddc</subfield>
    <subfield code="4">0</subfield>
    <subfield code="7">0</subfield>
    <subfield code="a">TUCL</subfield>
    <subfield code="b">TUCL</subfield>
    <subfield code="c">NB</subfield>
    <subfield code="d">2021-06-17</subfield>
    <subfield code="l">0</subfield>
    <subfield code="o">381 Sh52m</subfield>
    <subfield code="p">164739</subfield>
    <subfield code="r">2021-06-17 00:00:00</subfield>
    <subfield code="w">2021-06-17</subfield>
    <subfield code="y">GEN</subfield>
  </datafield>
  <datafield tag="952" ind1=" " ind2=" ">
    <subfield code="0">0</subfield>
    <subfield code="1">0</subfield>
    <subfield code="2">ddc</subfield>
    <subfield code="4">0</subfield>
    <subfield code="7">0</subfield>
    <subfield code="a">TUCL</subfield>
    <subfield code="b">TUCL</subfield>
    <subfield code="c">NB</subfield>
    <subfield code="d">2021-06-17</subfield>
    <subfield code="l">0</subfield>
    <subfield code="o">381 Sh52m</subfield>
    <subfield code="p">164740</subfield>
    <subfield code="r">2021-06-17 00:00:00</subfield>
    <subfield code="w">2021-06-17</subfield>
    <subfield code="y">GEN</subfield>
  </datafield>
  <datafield tag="952" ind1=" " ind2=" ">
    <subfield code="0">0</subfield>
    <subfield code="1">0</subfield>
    <subfield code="2">ddc</subfield>
    <subfield code="4">0</subfield>
    <subfield code="7">0</subfield>
    <subfield code="a">TUCL</subfield>
    <subfield code="b">TUCL</subfield>
    <subfield code="c">NB</subfield>
    <subfield code="d">2021-06-18</subfield>
    <subfield code="l">0</subfield>
    <subfield code="o">381 Sh52m</subfield>
    <subfield code="p">164736</subfield>
    <subfield code="r">2021-06-18 00:00:00</subfield>
    <subfield code="w">2021-06-18</subfield>
    <subfield code="y">GEN</subfield>
  </datafield>
  <datafield tag="952" ind1=" " ind2=" ">
    <subfield code="0">0</subfield>
    <subfield code="1">0</subfield>
    <subfield code="2">ddc</subfield>
    <subfield code="4">0</subfield>
    <subfield code="7">0</subfield>
    <subfield code="a">TUCL</subfield>
    <subfield code="b">TUCL</subfield>
    <subfield code="c">NB</subfield>
    <subfield code="d">2021-06-18</subfield>
    <subfield code="l">0</subfield>
    <subfield code="o">381 Sh52m</subfield>
    <subfield code="p">164737</subfield>
    <subfield code="r">2021-06-18 00:00:00</subfield>
    <subfield code="w">2021-06-18</subfield>
    <subfield code="y">GEN</subfield>
  </datafield>
  <datafield tag="952" ind1=" " ind2=" ">
    <subfield code="0">0</subfield>
    <subfield code="1">0</subfield>
    <subfield code="2">ddc</subfield>
    <subfield code="4">0</subfield>
    <subfield code="7">0</subfield>
    <subfield code="a">TUCL</subfield>
    <subfield code="b">TUCL</subfield>
    <subfield code="c">NB</subfield>
    <subfield code="d">2021-06-18</subfield>
    <subfield code="l">0</subfield>
    <subfield code="o">381 Sh52m</subfield>
    <subfield code="p">164738</subfield>
    <subfield code="r">2021-06-18 00:00:00</subfield>
    <subfield code="w">2021-06-18</subfield>
    <subfield code="y">GEN</subfield>
  </datafield>
</record>
